000
00190nam a2200085Ia 4500
008
120527s9999 xx 000 0 und d
100
_a
Wiederhold, Gio
245
_a
Databse Design
942
_c
BK
999
_c
27863
_d
27863